000 00258nam a2200109Ia 4500
008 190914s9999||||xx |||||||||||||| ||und||
100 _aWilliam H.Beaver
245 0 _aFinancial Reporting
260 _aIndia
_bMcGraw Hill
_c2000
300 _a521
942 _cBK
999 _c9000
_d9000